Chương trình tiến bộ KHKT nhà nước về năng lượng mới và tái sinh 52C

সংরক্ষণ করুন:
গ্রন্থ-পঞ্জীর বিবরন
প্রধান লেখক: Đỗ Ngọc Quỳnh
বিন্যাস: গ্রন্থ
ভাষা:Undetermined
প্রকাশিত: Cần Thơ Đại học Cần Thơ 1991
বিষয়গুলি:
ট্যাগগুলো: ট্যাগ যুক্ত করুন
কোনো ট্যাগ নেই, প্রথমজন হিসাবে ট্যাগ করুন!
Thư viện lưu trữ: Trung tâm Học liệu Trường Đại học Cần Thơ
LEADER 00558nam a2200169Ia 4500
001 CTU_46040
008 210402s9999 xx 000 0 und d
082 |a 621.042 
082 |b Qu609 
100 |a Đỗ Ngọc Quỳnh 
245 0 |a Chương trình tiến bộ KHKT nhà nước về năng lượng mới và tái sinh 52C 
245 0 |c Đỗ Ngọc Quỳnh 
260 |a Cần Thơ 
260 |b Đại học Cần Thơ 
260 |c 1991 
650 |a energy crops 
980 |a Trung tâm Học liệu Trường Đại học Cần Thơ